| 000 | 00693nam a22001697a 4500 | ||
|---|---|---|---|
| 999 |
_c7986 _d7986 |
||
| 005 | 20241128170000.0 | ||
| 008 | 230717b ||||| |||| 00| 0 eng d | ||
| 040 | _aCDMR | ||
| 110 |
_94391 _aConsell de la Informació de Catalunya |
||
| 245 |
_aLa crisi dels refugiats [Recurs electrònic] _b: el CIC recorda el dret a la intimitat i a la pròpia imatge _c/ Fundació Consell de la Informació de Catalunya |
||
| 260 |
_aBarcelona : _bFundació CIC, _c2016 |
||
| 300 | _a1 recurs electrònic (2 pàgines) | ||
| 650 | 0 |
_9983 _aÈtica periodística _zCatalunya |
|
| 650 | 0 |
_94994 _aRefugiats |
|
| 856 |
_zAccés en línia _uhttps://omeka.periodistes.cat/items/show/348 |
||
| 942 |
_2udc _cRECURS_WEB |
||